[Event "SVK-ch rapid"]
[White "Haasova, Timea"]
[Black "Janco, Darius"]
[Site "Modra"]
[Round "5"]
[Result "0-1"]
[Date "2024.10.05"]
[WhiteElo "1844"]
[BlackElo "1957"]
[PlyCount "80"]
[EventDate "2024.10.05"]
[EventType "swiss (rapid)"]
[EventRounds "9"]
[EventCountry "SVK"]
[SourceTitle "EXT 2025"]
[Source "ChessBase"]
[SourceDate "2024.10.14"]
[SourceVersion "1"]
[SourceVersionDate "2024.10.14"]
[SourceQuality "1"]
[WhiteTeam "Slovakia"]
[BlackTeam "Slovakia"]
[WhiteTeamCountry "SVK"]
[BlackTeamCountry "SVK"]

1. e4 g6 2. d4 Bg7 3. c3 d5 4. exd5 Qxd5 5. Nf3 Bg4 6. Nbd2 Bxf3 7. Nxf3 Nf6 8. Bd3 0-0 9. 0-0 Nc6 10. Re1 Rfe8 11. Bf4 Rac8 12. Qe2 Nh5 13. Bd2 Qd6 14. Ng5 Nf6 15. b4 h6 16. Nf3 Nh5 17. b5 Nd8 18. Ne5 Nf6 19. Bc4 Nd5 20. Qg4 e6 21. Qh3 h5 22. Bb3 Nf6 23. Qd3 c5 24. dxc5 Qxc5 25. Nc4 Qxb5 26. Rab1 Qa6 27. Re5 Nc6 28. Rc5 Rcd8 29. Qe3 Ng4 30. Qe2 Nge5 31. Re1 Nxc4 32. Bxc4 Qb6 33. Rb5 Qc7 34. Bg5 Rd7 35. Qf3 Ne5 36. Rbxe5 Bxe5 37. Rd1 Bd6 38. Bb5 a6 39. Bxd7 Qxd7 40. Qd3 Rc8 0-1

[Event "SVK-ch rapid"]
[White "Janco, Darius"]
[Black "Sevcikova, Lucia"]
[Site "Modra"]
[Round "6"]
[Result "0-1"]
[Date "2024.10.05"]
[WhiteElo "1957"]
[BlackElo "2016"]
[PlyCount "56"]
[EventDate "2024.10.05"]
[EventType "swiss (rapid)"]
[EventRounds "9"]
[EventCountry "SVK"]
[SourceTitle "EXT 2025"]
[Source "ChessBase"]
[SourceDate "2024.10.14"]
[SourceVersion "1"]
[SourceVersionDate "2024.10.14"]
[SourceQuality "1"]
[WhiteTeam "Slovakia"]
[BlackTeam "Slovakia"]
[WhiteTeamCountry "SVK"]
[BlackTeamCountry "SVK"]

1. Nf3 d5 2. g3 c6 3. Bg2 Nf6 4. 0-0 Bf5 5. d3 e6 6. Nbd2 h6 7. Re1 Be7 8. c3 0-0 9. a4 a5 10. Qb3 Qc7 11. Nf1 Nbd7 12. Bf4 Qc8 13. Ne3 Bh7 14. g4 Re8 15. h4 Bf8 16. Ne5 Nxe5 17. Bxe5 Nd7 18. Bg3 e5 19. g5 hxg5 20. hxg5 Be7 21. Nxd5 cxd5 22. Bxd5 Bg6 23. Bxb7 Nc5 24. Bxc8 Nxb3 25. Bd7 Red8 26. Bb5 Nxa1 27. Rxa1 Bd6 28. Rb1 e4 0-1

[Event "SVK-chT2B 2324"]
[White "Janco, Darius"]
[Black "Vastik, Lukas"]
[Site "Slovakia"]
[Round "11.4"]
[Result "1/2-1/2"]
[Date "2024.03.17"]
[WhiteElo "1993"]
[BlackElo "1955"]
[PlyCount "21"]
[EventDate "2023.10.07"]
[EventType "team-tourn"]
[EventRounds "11"]
[EventCountry "SVK"]
[SourceTitle "EXT 2025"]
[Source "ChessBase"]
[SourceDate "2024.10.14"]
[SourceVersion "1"]
[SourceVersionDate "2024.10.14"]
[SourceQuality "1"]
[WhiteTeam "Topolcany"]
[BlackTeam "Trencin"]
[WhiteTeamCountry "SVK"]
[BlackTeamCountry "SVK"]

1. d4 d5 2. c4 e6 3. Nf3 Nf6 4. Nc3 a6 5. Bg5 dxc4 6. a4 Nc6 7. e3 Na5 8. Ne5 c5 9. Nxc4 Be7 10. dxc5 Qxd1+ 11. Rxd1 1/2-1/2

[Event "SVK-chT2B 2324"]
[White "Balogh, Peter1"]
[Black "Janco, Darius"]
[Site "Slovakia"]
[Round "9.4"]
[Result "1/2-1/2"]
[Date "2024.02.11"]
[WhiteElo "1995"]
[BlackElo "1993"]
[PlyCount "101"]
[EventDate "2023.10.07"]
[EventType "team-tourn"]
[EventRounds "11"]
[EventCountry "SVK"]
[SourceTitle "EXT 2025"]
[Source "ChessBase"]
[SourceDate "2024.10.14"]
[SourceVersion "1"]
[SourceVersionDate "2024.10.14"]
[SourceQuality "1"]
[WhiteTeam "Nove Zamky"]
[BlackTeam "Topolcany"]
[WhiteTeamCountry "SVK"]
[BlackTeamCountry "SVK"]

1. e4 c5 2. Nf3 d6 3. d4 cxd4 4. Nxd4 Nf6 5. Nc3 a6 6. Bg5 e6 7. f4 Qc7 8. Qf3 Be7 9. 0-0-0 Nbd7 10. g4 b5 11. Bxf6 Nxf6 12. g5 Nd7 13. f5 Bxg5+ 14. Kb1 0-0 15. fxe6 Ne5 16. Qh5 Qd8 17. Bh3 g6 18. Qe2 Ra7 19. Rhg1 Kh8 20. Nd5 fxe6 21. Bxe6 Bf6 22. Rgf1 Bg7 23. h4 Rxf1 24. Rxf1 Bxe6 25. Nxe6 Qxh4 26. Qe3 Rf7 27. Rxf7 Qh1+ 28. Qc1 Qxc1+ 29. Kxc1 Nxf7 30. Ndc7 Be5 31. Nxa6 h5 32. Kd2 h4 33. Ke2 Bxb2 34. Nac7 g5 35. Nxb5 Be5 36. Nbd4 g4 37. Nf5 h3 38. Kf2 Kh7 39. a4 Kg6 40. a5 Kf6 41. a6 Kxe6 42. a7 g3+ 43. Kf1 g2+ 44. Kf2 Nh6 45. a8Q Ng4+ 46. Kf3 g1Q 47. Qe8+ Kf6 48. Qf8+ Kg5 49. Qg8+ Kh5 50. Qh7+ Kg5 51. Qg8+ 1/2-1/2

[Event "SVK-chT2B 2324"]
[White "Laho, Maros"]
[Black "Janco, Darius"]
[Site "Slovakia"]
[Round "6.3"]
[Result "1-0"]
[Date "2023.12.03"]
[WhiteElo "2091"]
[BlackElo "1993"]
[PlyCount "55"]
[EventDate "2023.10.07"]
[EventType "team-tourn"]
[EventRounds "11"]
[EventCountry "SVK"]
[SourceTitle "EXT 2025"]
[Source "ChessBase"]
[SourceDate "2024.10.14"]
[SourceVersion "1"]
[SourceVersionDate "2024.10.14"]
[SourceQuality "1"]
[WhiteTeam "Surany"]
[BlackTeam "Topolcany"]
[WhiteTeamCountry "SVK"]
[BlackTeamCountry "SVK"]

1. e4 c5 2. Nf3 d6 3. c3 Nf6 4. Be2 g6 5. 0-0 Bg7 6. Bb5+ Nfd7 7. Re1 0-0 8. d4 a6 9. Bf1 Nc6 10. Be3 Qc7 11. a4 e5 12. dxc5 dxc5 13. Na3 b6 14. Nc4 Rd8 15. Qb3 Rb8 16. Rad1 Na5 17. Qa2 Nxc4 18. Bxc4 Rf8 19. Ng5 Nf6 20. Nxf7 Rxf7 21. Bxf7+ Qxf7 22. Rd8+ Bf8 23. Bh6 Nd7 24. Qxf7+ Kxf7 25. Bxf8 Nxf8 26. Red1 Ke7 27. R1d5 Nd7 28. R5xd7+ 1-0

[Event "SVK-chT2B 2324"]
[White "Bencok, Ladislav"]
[Black "Janco, Darius"]
[Site "Slovakia"]
[Round "2.3"]
[Result "1/2-1/2"]
[Date "2023.10.08"]
[WhiteElo "1872"]
[BlackElo "1993"]
[PlyCount "84"]
[EventDate "2023.10.07"]
[EventType "team-tourn"]
[EventRounds "11"]
[EventCountry "SVK"]
[SourceTitle "EXT 2025"]
[Source "ChessBase"]
[SourceDate "2024.10.14"]
[SourceVersion "1"]
[SourceVersionDate "2024.10.14"]
[SourceQuality "1"]
[WhiteTeam "Levice III"]
[BlackTeam "Topolcany"]
[WhiteTeamCountry "SVK"]
[BlackTeamCountry "SVK"]

1. e4 c5 2. Nf3 d6 3. c3 Nf6 4. Qc2 g6 5. d4 cxd4 6. cxd4 d5 7. e5 Ne4 8. Bd3 Bf5 9. Nbd2 Nxd2 10. Bxd2 Bxd3 11. Qxd3 Nc6 12. 0-0 Bg7 13. Rac1 0-0 14. Qb5 Qd7 15. Rc5 Rfd8 16. Rfc1 Bf8 17. a4 e6 18. R5c2 h6 19. Qd3 Rac8 20. b3 Nb4 21. Bxb4 Rxc2 22. Qxc2 Bxb4 23. Qc7 a5 24. Kf1 Qxc7 25. Rxc7 b5 26. axb5 Rb8 27. Ke2 Rxb5 28. Kd3 Kg7 29. h3 g5 30. g4 Rb8 31. Ng1 Be1 32. Kc2 Bb4 33. Kd3 h5 34. f3 Be1 35. Kc2 Bf2 36. Ne2 hxg4 37. hxg4 Rb4 38. Rc5 a4 39. bxa4 Rxa4 40. Kd3 Ra1 41. Rc1 Ra3+ 42. Rc3 Ra1 1/2-1/2

[Event "SVK-chT2B 2324"]
[White "Janco, Darius"]
[Black "Rakovsky, Jakub"]
[Site "Slovakia"]
[Round "1.3"]
[Result "0-1"]
[Date "2023.10.07"]
[WhiteElo "1993"]
[BlackElo "2102"]
[PlyCount "76"]
[EventDate "2023.10.07"]
[EventType "team-tourn"]
[EventRounds "11"]
[EventCountry "SVK"]
[SourceTitle "EXT 2025"]
[Source "ChessBase"]
[SourceDate "2024.10.14"]
[SourceVersion "1"]
[SourceVersionDate "2024.10.14"]
[SourceQuality "1"]
[WhiteTeam "Topolcany"]
[BlackTeam "Tlmace"]
[WhiteTeamCountry "SVK"]
[BlackTeamCountry "SVK"]

1. d4 Nf6 2. c4 e6 3. Nc3 d5 4. Bg5 Be7 5. e3 Nbd7 6. Nf3 b6 7. cxd5 Nxd5 8. Bxe7 Qxe7 9. Nxd5 exd5 10. Rc1 Qb4+ 11. Qd2 Qxd2+ 12. Kxd2 Kd8 13. Bb5 Nb8 14. Ne5 Be6 15. f4 a6 16. f5 axb5 17. fxe6 Rf8 18. Nxf7+ Ke7 19. Rxc7+ Kxe6 20. Rf1 Nd7 21. Ng5+ Kd6 22. Rfc1 Rf2+ 23. Ke1 Rxg2 24. Nf7+ Ke6 25. R1c6+ Kxf7 26. Kf1 Rxb2 27. Rxd7+ Kg8 28. Rcc7 Rxh2 29. Rxg7+ Kh8 30. Kg1 Raxa2 31. Rgd7 Rhg2+ 32. Kh1 Rh2+ 33. Kg1 Rag2+ 34. Kf1 b4 35. Rc8+ Rg8 36. Rxg8+ Kxg8 37. Rxd5 b3 38. Rb5 b2 0-1

[Event "SVK-ch Blitz"]
[White "Druska, Pavol"]
[Black "Janco, Darius"]
[Site "Nitra"]
[Round "5"]
[Result "0-1"]
[Date "2022.10.29"]
[WhiteElo "1666"]
[BlackElo "1897"]
[PlyCount "86"]
[EventDate "2022.10.29"]
[EventType "swiss"]
[EventRounds "13"]
[EventCountry "SVK"]
[SourceTitle "EXT 2024"]
[Source "ChessBase"]
[SourceDate "2023.10.10"]
[SourceVersion "1"]
[SourceVersionDate "2023.10.10"]
[SourceQuality "1"]

1. e4 c5 2. Nf3 Nc6 3. d4 cxd4 4. Nxd4 g6 5. f4 Bg7 6. Nxc6 dxc6 7. Qxd8+ Kxd8 8. e5 Bf5 9. c3 h5 10. Bc4 Nh6 11. h3 Be4 12. Rg1 h4 13. Nd2 Bd5 14. Bxd5 cxd5 15. Nf3 Nf5 16. Bd2 Rc8 17. 0-0-0 e6 18. Ng5 Ke7 19. Kb1 Rc4 20. Rge1 Rhc8 21. Be3 Nxe3 22. Rxe3 Rxf4 23. Nf3 b5 24. a3 a5 25. Nd4 b4 26. axb4 axb4 27. cxb4 Rc4 28. Red3 Bxe5 29. Ne2 Rf2 30. Nd4 Bxd4 31. Rxd4 Rcc2 32. R1d3 Rxb2+ 33. Kc1 Ra2 34. Kb1 Rxg2 35. Rb3 Ra7 36. b5 Rg3 37. Kc2 Rb7 38. b6 Rxb3 39. Kxb3 Rxb6+ 40. Kc3 Rc6+ 41. Kd3 Rc4 42. Rxc4 dxc4+ 43. Kxc4 f5 0-1

[Event "SVK-chT1W 2122"]
[White "Rakovsky, Jakub"]
[Black "Janco, Darius"]
[Site "Slovakia"]
[Round "5.7"]
[Result "1/2-1/2"]
[Date "2022.03.19"]
[WhiteElo "1906"]
[BlackElo "1983"]
[PlyCount "24"]
[EventDate "2021.11.06"]
[EventType "team-tourn"]
[EventRounds "11"]
[EventCountry "SVK"]
[SourceTitle "EXT 2023"]
[Source "ChessBase"]
[SourceDate "2022.10.05"]
[SourceVersion "1"]
[SourceVersionDate "2022.10.05"]
[SourceQuality "1"]
[WhiteTeam "Nitra NSK"]
[BlackTeam "Topolcany"]
[WhiteTeamCountry "SVK"]
[BlackTeamCountry "SVK"]

1. e4 c5 2. Nf3 d6 3. d4 cxd4 4. Nxd4 Nf6 5. Nc3 a6 6. f3 e5 7. Nb3 Be6 8. Be3 b5 9. a4 b4 10. Nd5 Bxd5 11. exd5 Nbd7 12. Qd2 Nb6 1/2-1/2

[Event "SVK-chT2B 2122"]
[White "Janco, Darius"]
[Black "Vadila, Ondrej"]
[Site "Slovakia"]
[Round "7.2"]
[Result "0-1"]
[Date "2022.02.12"]
[WhiteElo "1983"]
[BlackElo "2100"]
[PlyCount "60"]
[EventDate "2021.10.16"]
[EventType "team-tourn"]
[EventRounds "11"]
[EventCountry "SVK"]
[SourceTitle "EXT 2023"]
[Source "ChessBase"]
[SourceDate "2022.10.05"]
[SourceVersion "1"]
[SourceVersionDate "2022.10.05"]
[SourceQuality "1"]
[WhiteTeam "Topolcany II"]
[BlackTeam "Levice II"]
[WhiteTeamCountry "SVK"]
[BlackTeamCountry "SVK"]

1. e4 c5 2. Nf3 g6 3. d4 cxd4 4. Nxd4 Bg7 5. c4 Nc6 6. Be3 Nf6 7. Nc3 0-0 8. Be2 d6 9. 0-0 Bd7 10. Rc1 Nxd4 11. Bxd4 Bc6 12. Qc2 a5 13. Rfd1 Nd7 14. Nd5 Bxd5 15. cxd5 Bxd4 16. Rxd4 Nc5 17. b4 axb4 18. Rxb4 Ra3 19. e5 Qa5 20. exd6 exd6 21. Rb5 Qa4 22. Rxc5 dxc5 23. Qxc5 Rxa2 24. Bb5 Qa5 25. Rb1 Ra1 26. Rxa1 Qxa1+ 27. Bf1 Re8 28. g3 Re1 29. Qc4 Kg7 30. Kg2 Rxf1 0-1

[Event "SVK-ch rapid"]
[White "Jablonicky, Martin"]
[Black "Janco, Darius"]
[Site "Topolcany"]
[Round "3"]
[Result "1-0"]
[Date "2020.07.11"]
[WhiteElo "2253"]
[BlackElo "2051"]
[PlyCount "61"]
[EventDate "2020.07.11"]
[EventType "swiss (rapid)"]
[EventRounds "9"]
[EventCountry "SVK"]
[SourceTitle "CBM 197 Extra"]
[Source "ChessBase"]
[SourceDate "2020.09.30"]
[SourceVersion "1"]
[SourceVersionDate "2020.09.30"]
[SourceQuality "1"]

1. e4 c5 2. Nf3 d6 3. d4 cxd4 4. Nxd4 Nf6 5. Nc3 a6 6. Bc4 Nc6 7. Nxc6 bxc6 8. e5 d5 9. exf6 dxc4 10. Qf3 exf6 11. 0-0 Be7 12. Qxc6+ Bd7 13. Qxc4 0-0 14. Bf4 Be6 15. Qe2 Qb6 16. b3 Rfc8 17. Na4 Qc6 18. c4 Ra7 19. Be3 Rb7 20. Rad1 Rb4 21. Rd4 f5 22. Rfd1 Bf6 23. Rd6 Qe8 24. Bd4 Bxc4 25. Qd2 Be2 26. Qxb4 Bxd1 27. Bxf6 Rc1 28. Qd2 Rb1 29. Nc3 Ra1 30. Nxd1 gxf6 31. Rd8 1-0

[Event "SVK-ch rapid"]
[White "Janco, Darius"]
[Black "Mrkvik, Jan"]
[Site "Topolcany"]
[Round "7"]
[Result "1-0"]
[Date "2020.07.11"]
[WhiteElo "2051"]
[BlackElo "1749"]
[PlyCount "65"]
[EventDate "2020.07.11"]
[EventType "swiss (rapid)"]
[EventRounds "9"]
[EventCountry "SVK"]
[SourceTitle "CBM 197 Extra"]
[Source "ChessBase"]
[SourceDate "2020.09.30"]
[SourceVersion "1"]
[SourceVersionDate "2020.09.30"]
[SourceQuality "1"]

1. e4 d5 2. e5 e6 3. d4 c5 4. c3 Nc6 5. Nf3 Qb6 6. Na3 cxd4 7. cxd4 Bb4+ 8. Bd2 Bd7 9. Bxb4 Qxb4+ 10. Qd2 Qxd2+ 11. Kxd2 a6 12. Rc1 Nge7 13. Bd3 0-0 14. Nc2 Rfc8 15. a3 Rc7 16. Ne3 h6 17. h4 Rac8 18. g4 Na5 19. Rxc7 Rxc7 20. Ke2 Ng6 21. Ng2 Bb5 22. h5 Ne7 23. Ne3 Bxd3+ 24. Kxd3 Kf8 25. g5 hxg5 26. Nxg5 Nc4 27. Nxc4 Rxc4 28. h6 gxh6 29. Rxh6 Nf5 30. Rf6 Rxd4+ 31. Kc2 Rc4+ 32. Kb1 Rc7 33. Nxe6+ 1-0

[Event "SVK-ch rapid"]
[White "Janco, Darius"]
[Black "Terbe, Julianna"]
[Site "Topolcany"]
[Round "5"]
[Result "0-1"]
[Date "2020.07.11"]
[WhiteElo "2051"]
[BlackElo "2182"]
[PlyCount "106"]
[EventDate "2020.07.11"]
[EventType "swiss (rapid)"]
[EventRounds "9"]
[EventCountry "SVK"]
[SourceTitle "CBM 197 Extra"]
[Source "ChessBase"]
[SourceDate "2020.09.30"]
[SourceVersion "1"]
[SourceVersionDate "2020.09.30"]
[SourceQuality "1"]

1. d4 d5 2. Nf3 Nf6 3. Bf4 c5 4. c3 Nc6 5. e3 Qb6 6. Qb3 c4 7. Qxb6 axb6 8. Nbd2 b5 9. Ne5 e6 10. a3 b4 11. cxb4 Nxb4 12. Rc1 Na6 13. f3 b5 14. e4 b4 15. axb4 Bxb4 16. Kf2 0-0 17. Bg5 h6 18. Be3 Rb8 19. Nb1 Be7 20. Rc2 Nb4 21. Rd2 Ba6 22. Nc3 dxe4 23. Bxc4 Bxc4 24. Nxc4 exf3 25. gxf3 Nbd5 26. Rg1 Kh7 27. Ne4 Nxe3 28. Nxe3 Rfd8 29. Nc3 Rb4 30. d5 exd5 31. Nexd5 Nxd5 32. Rxd5 Rxd5 33. Nxd5 Bc5+ 34. Kg3 Rxb2 35. Rc1 Bd6+ 36. f4 Rd2 37. Ne3 Rd4 38. Ng2 g5 39. Rc6 Bxf4+ 40. Nxf4 Rxf4 41. Rd6 h5 42. h3 Kg7 43. Rc6 f6 44. Rc8 Kg6 45. Rg8+ Kf5 46. Ra8 Re4 47. Ra5+ Re5 48. Ra4 Re3+ 49. Kg2 Re4 50. Ra5+ Kf4 51. Ra6 f5 52. Rh6 h4 53. Kf2 Rc4 0-1

[Event "SVK-ch Amateur"]
[White "Kalisky, Vladimir"]
[Black "Janco, Darius"]
[Site "Topolcany"]
[Round "3"]
[Result "1-0"]
[Date "2020.07.11"]
[WhiteElo "2128"]
[BlackElo "2003"]
[PlyCount "49"]
[EventDate "2020.07.10"]
[EventType "swiss"]
[EventRounds "7"]
[EventCountry "SVK"]
[SourceTitle "EXT 2021"]
[Source "ChessBase"]
[SourceDate "2020.10.23"]
[SourceVersion "1"]
[SourceVersionDate "2020.10.23"]
[SourceQuality "1"]

1. Nf3 Nf6 2. g3 g6 3. Bg2 Bg7 4. 0-0 0-0 5. c4 c5 6. Nc3 Nc6 7. d4 cxd4 8. Nxd4 Nxd4 9. Qxd4 d6 10. Qd3 Qa5 11. Bd2 Qh5 12. f3 Nd7 13. Nd5 e6 14. Ne7+ Kh8 15. Qxd6 Nb6 16. Bc3 e5 17. b3 Be6 18. Rad1 Qg5 19. f4 exf4 20. gxf4 Qg4 21. h3 Qh4 22. Bxg7+ Kxg7 23. Qe5+ Kh6 24. f5 Qxe7 25. f6 1-0

[Event "SVK-ch rapid"]
[White "Sucikova, Svetlana"]
[Black "Janco, Darius"]
[Site "Topolcany"]
[Round "8"]
[Result "1-0"]
[Date "2020.07.11"]
[WhiteElo "1906"]
[BlackElo "2051"]
[PlyCount "72"]
[EventDate "2020.07.11"]
[EventType "swiss (rapid)"]
[EventRounds "9"]
[EventCountry "SVK"]
[SourceTitle "CBM 197 Extra"]
[Source "ChessBase"]
[SourceDate "2020.09.30"]
[SourceVersion "1"]
[SourceVersionDate "2020.09.30"]
[SourceQuality "1"]

1. Nf3 g6 2. g3 Bg7 3. Bg2 c5 4. d4 cxd4 5. Nxd4 Nc6 6. c3 Nf6 7. 0-0 0-0 8. e4 d6 9. Na3 Bd7 10. h3 Rc8 11. Be3 b6 12. Nac2 h5 13. Qe2 Nxd4 14. Nxd4 Qc7 15. Qd2 Rfd8 16. Rfd1 a6 17. Bh6 Bh8 18. Bg5 Be8 19. Ne2 b5 20. Nf4 Bc6 21. Qe3 Ba8 22. Rd2 Qc5 23. Nd5 Qxe3 24. Nxf6+ Bxf6 25. Bxe3 Rc4 26. f3 b4 27. cxb4 Rxb4 28. Rb1 Rdb8 29. b3 a5 30. Rc1 Kg7 31. Bf1 a4 32. Bc4 a3 33. Rcc2 g5 34. g4 Rh8 35. Rg2 hxg4 36. hxg4 Rh1+ 1-0

[Event "SVK-chT2B 1920"]
[White "Janco, Darius"]
[Black "Vanya, Attila"]
[Site "Slovakia"]
[Round "8.8"]
[Result "1/2-1/2"]
[Date "2020.02.15"]
[WhiteElo "2015"]
[BlackElo "1747"]
[PlyCount "35"]
[EventDate "2019.10.26"]
[EventType "team-tourn"]
[EventRounds "11"]
[EventCountry "SVK"]
[SourceTitle "CBM 195 Extra"]
[Source "ChessBase"]
[SourceDate "2020.05.31"]
[SourceVersion "1"]
[SourceVersionDate "2020.05.31"]
[SourceQuality "1"]
[WhiteTeam "Topolcany"]
[BlackTeam "Nove Zamky"]
[WhiteTeamCountry "SVK"]
[BlackTeamCountry "SVK"]

1. e4 g6 2. d4 Bg7 3. h4 e6 4. h5 b6 5. Nf3 Bb7 6. Nc3 d5 7. e5 a6 8. Bg5 Qc8 9. h6 Bf8 10. Qd2 Nd7 11. Qf4 c5 12. Be2 Qc7 13. 0-0-0 c4 14. Kb1 b5 15. a3 Bc6 16. Na2 a5 17. Rh3 b4 18. Nd2 1/2-1/2

[Event "SVK-chT2B 1920"]
[White "Janco, Darius"]
[Black "Makuch, Milan"]
[Site "Slovakia"]
[Round "3.6"]
[Result "1/2-1/2"]
[Date "2019.11.16"]
[WhiteElo "2015"]
[BlackElo "1829"]
[PlyCount "34"]
[EventDate "2019.10.26"]
[EventType "team-tourn"]
[EventRounds "11"]
[EventCountry "SVK"]
[SourceTitle "CBM 193 Extra"]
[Source "ChessBase"]
[SourceDate "2020.01.31"]
[SourceVersion "1"]
[SourceVersionDate "2020.01.31"]
[SourceQuality "1"]
[WhiteTeam "Topolcany"]
[BlackTeam "Povazska Bystrica II"]
[WhiteTeamCountry "SVK"]
[BlackTeamCountry "SVK"]

1. d4 d5 2. Nf3 c6 3. c4 dxc4 4. e4 Bg4 5. Bxc4 e6 6. Be3 Nf6 7. Nc3 Bb4 8. Qd3 Bxf3 9. gxf3 0-0 10. Rg1 Bxc3+ 11. bxc3 Nbd7 12. Rb1 Nb6 13. Bb3 Re8 14. e5 Nfd5 15. Bc2 g6 16. Bg5 Qd7 17. h4 Ne7 1/2-1/2

[Event "SVK-chT2B 1920"]
[White "Janco, Darius"]
[Black "Bencok, Ladislav"]
[Site "Slovakia"]
[Round "2.8"]
[Result "1-0"]
[Date "2019.10.27"]
[WhiteElo "2008"]
[BlackElo "1904"]
[PlyCount "57"]
[EventDate "2019.10.26"]
[EventType "team-tourn"]
[EventRounds "11"]
[EventCountry "SVK"]
[SourceTitle "CBM 193 Extra"]
[Source "ChessBase"]
[SourceDate "2020.01.31"]
[SourceVersion "1"]
[SourceVersionDate "2020.01.31"]
[SourceQuality "1"]
[WhiteTeam "Topolcany"]
[BlackTeam "Levice"]
[WhiteTeamCountry "SVK"]
[BlackTeamCountry "SVK"]

1. e4 c5 2. Nc3 Nc6 3. f4 d6 4. Nf3 g6 5. Bb5 Bg7 6. 0-0 Bd7 7. a4 Nd4 8. Bc4 Nxf3+ 9. Qxf3 Nh6 10. d3 0-0 11. f5 Qe8 12. Qh3 Bxf5 13. exf5 Nxf5 14. Rxf5 gxf5 15. Bh6 Bxh6 16. Qxh6 e6 17. Rf1 f6 18. Rf3 Rf7 19. Re3 Qf8 20. Qxf8+ Kxf8 21. Rxe6 Rd8 22. Nd5 Kg7 23. Ne7 f4 24. Nf5+ Kg6 25. Nxd6 Rg7 26. Ne4 Rf8 27. Nxc5 Kf5 28. Re4 b6 29. Ne6 1-0

[Event "SVK-chT2B 1718"]
[White "Brlej, Simon"]
[Black "Janco, Darius"]
[Site "Slovakia"]
[Round "5.6"]
[Result "0-1"]
[Date "2018.01.13"]
[WhiteElo "1632"]
[BlackElo "2031"]
[PlyCount "56"]
[EventDate "2017.10.28"]
[EventType "team-tourn"]
[EventRounds "11"]
[EventCountry "SVK"]
[SourceTitle "EXT 2019"]
[Source "ChessBase"]
[SourceDate "2018.10.10"]
[SourceVersion "1"]
[SourceVersionDate "2018.10.10"]
[SourceQuality "1"]
[WhiteTeam "Trencin"]
[BlackTeam "Topolcany"]
[WhiteTeamCountry "SVK"]
[BlackTeamCountry "SVK"]

1. e4 c5 2. Nf3 Nc6 3. d4 cxd4 4. Nxd4 g6 5. Nxc6 bxc6 6. Nc3 Bg7 7. Bd2 Rb8 8. Rb1 Nf6 9. Bc4 d6 10. 0-0 0-0 11. Qe2 Nd7 12. f4 Nb6 13. Bb3 d5 14. f5 dxe4 15. fxg6 hxg6 16. Rbd1 Nd5 17. Nxd5 cxd5 18. Bf4 Qb6+ 19. Qe3 e5 20. Qxb6 Rxb6 21. Bg5 Be6 22. Bf6 d4 23. Be7 Bxb3 24. Bxf8 Bxc2 25. Bxg7 Kxg7 26. Rd2 Rxb2 27. Rdf2 f5 28. Rc1 d3 0-1

[Event "SVK-chT2B 1617"]
[White "Cernak, Vincent"]
[Black "Janco, Darius"]
[Site "Slovakia"]
[Round "5.6"]
[Result "0-1"]
[Date "2016.12.03"]
[WhiteElo "1785"]
[BlackElo "2028"]
[PlyCount "76"]
[EventDate "2016.10.08"]
[EventType "team-tourn"]
[EventRounds "11"]
[EventCountry "SVK"]
[SourceTitle "EXT 2018"]
[Source "ChessBase"]
[SourceDate "2017.10.13"]
[SourceVersion "1"]
[SourceVersionDate "2017.10.13"]
[SourceQuality "1"]
[WhiteTeam "Sala Slovan Duslo"]
[BlackTeam "Topolcany"]
[WhiteTeamCountry "SVK"]
[BlackTeamCountry "SVK"]

1. d4 Nf6 2. c4 g6 3. Nc3 Bg7 4. Nf3 0-0 5. e3 d6 6. Be2 Nc6 7. 0-0 e5 8. dxe5 Nxe5 9. Nxe5 dxe5 10. Qxd8 Rxd8 11. Rd1 Be6 12. Bd2 c6 13. Be1 Nd7 14. Rac1 f5 15. b3 e4 16. g3 Ne5 17. Rxd8+ Rxd8 18. Rd1 Rxd1 19. Nxd1 Nf3+ 20. Bxf3 exf3 21. Bc3 Bf8 22. h4 b5 23. cxb5 cxb5 24. Nb2 Bd5 25. Kf1 Ba3 26. Ke1 Be4 27. Kd2 Kf7 28. Nd3 Bd6 29. Bb4 Bc7 30. Bc3 Ke6 31. Nf4+ Kf7 32. Nd3 a5 33. a3 Ke6 34. Nc5+ Kd6 35. Nxe4+ fxe4 36. Bg7 Kd5 37. Bc3 a4 38. Kc2 Bxg3 0-1

[Event "SVK-chT1W 1415"]
[White "Janco, Darius"]
[Black "Kuric, Michal"]
[Site "Slovakia"]
[Round "10.5"]
[Result "1-0"]
[Date "2015.03.14"]
[WhiteElo "2054"]
[BlackElo "1772"]
[PlyCount "179"]
[EventDate "2014.10.18"]
[EventType "team-tourn"]
[EventRounds "11"]
[EventCountry "SVK"]
[SourceTitle "EXT 2016"]
[Source "ChessBase"]
[SourceDate "2015.10.08"]
[SourceVersion "1"]
[SourceVersionDate "2015.10.08"]
[SourceQuality "1"]
[WhiteTeam "Topolciansky CVC"]
[BlackTeam "Trencin SK"]
[WhiteTeamCountry "SVK"]
[BlackTeamCountry "SVK"]

1. e4 e6 2. Nc3 d5 3. g3 Nf6 4. Bg2 dxe4 5. Nxe4 Nxe4 6. Bxe4 Bc5 7. Ne2 e5 8. 0-0 c6 9. d3 Be6 10. Be3 Bxe3 11. fxe3 Nd7 12. b4 Nf6 13. Bg2 Bg4 14. a4 Nd5 15. Qd2 Bxe2 16. Qxe2 Qd7 17. Rab1 Nc3 18. Qh5 Nxb1 19. Qxe5+ Kf8 20. Rxb1 Qe7 21. Qd4 a6 22. b5 axb5 23. axb5 c5 24. Qf4 Re8 25. b6 h5 26. Qc7 Rh6 27. Bxb7 Qxe3+ 28. Kh1 h4 29. Bd5 Qe7 30. Qxe7+ Kxe7 31. b7 Rb8 32. gxh4 Rxh4 33. Rb5 Kd6 34. c4 Rf4 35. Rb6+ Kc7 36. Rc6+ Kd7 37. Rxc5 Rf1+ 38. Kg2 Rb1 39. Be4 R1xb7 40. Bxb7 Rxb7 41. Rd5+ Ke7 42. h4 Rb6 43. h5 f6 44. Kf3 Re6 45. Kf4 Re1 46. Rb5 Ke6 47. Rb6+ Ke7 48. Rb7+ Kf8 49. Kf5 Re5+ 50. Kg4 Rg5+ 51. Kh4 g6 52. hxg6 Rxg6 53. d4 f5 54. Rd7 f4 55. Rd5 Rf6 56. Kg5 Rf7 57. Ra5 f3 58. Ra1 f2 59. Rf1 Ke7 60. Kg4 Kd6 61. Kg3 Rc7 62. Kxf2 Rxc4 63. Ke3 Rc3+ 64. Ke4 Rc4 65. Rf6+ Ke7 66. Ra6 Kd7 67. Kd5 Rc1 68. Ra7+ Kc8 69. Kd6 Rd1 70. d5 Rd2 71. Rc7+ Kd8 72. Rh7 Ke8 73. Rh8+ Kf7 74. Rh5 Ke8 75. Rh6 Rd1 76. Re6+ Kd8 77. Re5 Rd2 78. Re3 Rd1 79. Rg3 Ke8 80. Rg8+ Kf7 81. Rc8 Kf6 82. Rf8+ Kg7 83. Rf3 Ra1 84. Ke6 Re1+ 85. Kd7 Ra1 86. d6 Ra7+ 87. Ke6 Ra6 88. Ke7 Ra7+ 89. d7 Kg6 90. Ke8 1-0